| 000 | 00708nam a2200265Ia 4500 | ||
|---|---|---|---|
| 005 | 20260302120030.0 | ||
| 008 | 008 260114s9999 xx 000 0 eng d | ||
| 020 | _a9781509906185 | ||
| 037 | _aTextbook | ||
| 040 | _aCRL | ||
| 040 | _beng | ||
| 040 | _cCRL | ||
| 041 | _2eng | ||
| 041 | _aeng | ||
| 084 | _qCRL | ||
| 100 |
_aAlan Greene _91123418 |
||
| 245 | 0 | _aPermanent States of Emergency and the Rule of Law Constitutions in an Age of Crisis | |
| 260 | _bBloomsbury | ||
| 260 | _bHart Publishing | ||
| 260 | _c2018 | ||
| 650 | _aLaw | ||
| 856 | _uhttps://dx.doi.org/10.5040/9781509906185?locatt=label:secondary_bloomsburyCollections | ||
| 942 | _cEBOOK | ||
| 999 |
_c1688321 _d1688321 |
||